| 000 | 00380nam a22001337a 4500 | ||
|---|---|---|---|
| 008 | 200220b ||||| |||| 00| 0 eng d | ||
| 020 | _a9789382609438 | ||
| 082 | _a005.12 SHD | ||
| 100 | _aSHARMA, Gajendra | ||
| 245 | _aDesign and Analysis of Algorithms | ||
| 250 |
_a4th Revised & Enlarged Edition _b2019 |
||
| 260 |
_aNew Delhi _bKhanna Book Publishing Co. (P) Ltd. |
||
| 999 |
_c8500 _d8500 |
||